The Routledge companion to fascism and the far right /

Bibliographic Details
Main Author: Davies, Peter, 1966-
Other Authors: Lynch, Derek
Format: Book
Language:English
Published: London ; New York : Routledge, 2002.
Series:Routledge companions.
Subjects:

MARC

Tag First Indicator Second Indicator Subfields
LEADER 00000cam a22000004a 4500
001 in00001794635
005 20151025132518.0
008 020701s2002 enkb b 001 0 eng
010 |a  2002028462 
020 |a 0415214947 (hb.) 
020 |a 0415214955 (pbk.) 
035 |a (OCoLC)ocm50129385 
040 |a DLC  |c DLC  |d TXA  |d UtOrBLW 
042 |a pcc 
049 |a TXAM 
050 0 0 |a JC481  |b .D37 2002 
082 0 0 |a 320.53/3  |2 21 
100 1 |a Davies, Peter,  |d 1966- 
245 1 4 |a The Routledge companion to fascism and the far right /  |c Peter Davies and Derek Lynch. 
264 1 |a London ;  |a New York :  |b Routledge,  |c 2002. 
300 |a ix, 430 pages :  |b maps ;  |c 25 cm. 
336 |a text  |b txt  |2 rdacontent 
337 |a unmediated  |b n  |2 rdamedia 
338 |a volume  |b nc  |2 rdacarrier 
490 1 |a Routledge companions 
504 |a Includes bibliographical references (pages 398-403) and index. 
650 0 |a Fascism. 
650 0 |a Right-wing extremists. 
700 1 |a Lynch, Derek. 
830 0 |a Routledge companions. 
948 |a cataloged  |b h  |c 2004/2/16  |d c  |e dmitchel  |f 1:50:30 pm 
994 |a E0  |b TXA 
999 |a MARS 
999 f f |s 24d270a2-213c-33e2-89c5-86c1d8ddbc7c  |i 58351447-90a0-3c5c-84dd-6b861fe0d0d0  |t 0 
952 f f |p ric  |a Texas A&M University  |b Rellis Campus  |c Joint Library Facility  |d Remote Storage  |t 0  |e JC481 .D37 2002  |h Library of Congress classification  |i unmediated -- volume  |m A14831196043 
998 f f |a JC481 .D37 2002  |t 0  |l Remote Storage